A 17. századi elbeszélő egyházi irodalom európai kapcsolatai (Nádasi János)

Bibliographic Details
Main Author: Tüskés, Gábor (Author)
Format: Book
Language:Hungarian
PhysicalDescription:438 s. mp., obr. 24 cm
Published: Budapest Universitas 1997
ISBN:9639104000
ISSN:1219-8552
Series:Historia Litteraria
Historia Litteraria
Subjects:

MARC

LEADER 00000nam a2200000 a 4500
001 vtls001352148
003 SK-MaSNL
005 20260301114834.0
008 251113s1997 hu aba r yy 0 hun
015 |a SNBZSA1999-00019 
020 |a 9639104000 
035 |a SNK000305524 
035 |a urn:nbn:sk:snk-amkipn 
035 |a urn:nbn:sk:snk-am008hey 
035 |a B28AF80E-BC83-4D5D-8A16-F32CC4A8A02E 
040 |a SNK  |b slo  |c SNK  |e AACR2 
041 0 |a hun 
044 |a HU 
080 |a 24(091):820/899"16"=945.11  |2 1981 
080 |a 820/899(091)"16"=945.11  |2 1981 
080 |a 244(091)"16"=945.11  |2 1981 
100 1 |a Tüskés, Gábor  |4 aut  |9 458910 
245 1 0 |a A 17. századi elbeszélő egyházi irodalom európai kapcsolatai (Nádasi János)  |c Tüskés Gábor 
260 |a Budapest  |b Universitas  |c 1997 
300 |a 438 s.  |b mp., obr.  |c 24 cm 
490 1 |a Historia Litteraria  |x 1219-8552  |v 3 
500 |a Rozlož. tit. strana. Ilustr. na obál. 
504 |a Bibliogr. s. 373-402. Men. reg. 
600 1 7 |a Nádaši, Ján,  |d 1613-1679  |2 SNKMA  |9 256865 
648 7 |a 17. storočie  |2 SNK  |9 276982 
650 0 7 |a náboženská literatúra  |2 SNKPH  |9 1487 
655 7 |a príručky  |2 SNKPH  |9 74364 
655 7 |a monografie  |2 SNKPH  |9 70139 
830 0 |a Historia Litteraria  |9 458911 
830 0 |a Historia Litteraria  |x 1219-8552  |9 458911 
919 |a 963-9104-00-0 
958 |a OND 
958 |a ZS 
958 |a TL 
958 |a HU 
958 |a NB 
958 |a LX 
958 |a NT 
999 |c 719951  |d 721881 
952 |t P60, <03>, [BOOK], {603}  |a SNK  |b SNK  |y PREZ  |7 0  |p 17A0174702  |o snkSC 97571  |i snkV 37/99  |0 0  |1 0  |4 0  |d 1999-01-11  |f 1  |l 0  |r 2025-09-17 00:00:00  |w 2026-02-23